000 00783nam a2200217 a 4500
001 000043905
005 20201002045034.0
008 131120s1990 sp a 000 0 spa d
020 _a8478800220
040 _aDO-SdBNP
_bspa
_cBNPHU
082 _axxxx
_bxxx
100 1 _aLawner, Lynne
_971801
245 1 4 _aLos 16 placeres :
_blas cortesanas del renacimiento /
_cLynne Lawner.
246 1 2 _aLos dieciseis placeres
_blas cortesanas del renacimento
260 _aEspaña, :
_bTemas de hoy,
_c1990.
300 _a205 p. :
_bil. ;
_c21 cm.
490 1 _aBiblioteca erótica
_v8
500 _aIncluye datos biografícos de la autora en la solapa de la portada
500 _aLa lectura de este libro no está recomendada a menores de 16 años.
830 0 _aBiblioteca erótica
_n8
_971802
999 _c43394
_d43394